Secondhand Time: the last of the soviets (Record no. 3537)

MARC details
000 -LEADER
fixed length control field 00464nam a22001817a 4500
003 - CONTROL NUMBER IDENTIFIER
control field OSt
005 - DATE AND TIME OF LATEST TRANSACTION
control field 20240314142715.0
008 - FIXED-LENGTH DATA ELEMENTS--GENERAL INFORMATION
fixed length control field 240314b |||||||| |||| 00| 0 eng d
020 ## - INTERNATIONAL STANDARD BOOK NUMBER
International Standard Book Number 9780399588822
082 ## - DEWEY DECIMAL CLASSIFICATION NUMBER
Classification number 947.086 092
Item number ALES
100 ## - MAIN ENTRY--PERSONAL NAME
Personal name Alexievich, Svetlana
245 ## - TITLE STATEMENT
Title Secondhand Time: the last of the soviets
260 ## - PUBLICATION, DISTRIBUTION, ETC.
Place of publication, distribution, etc. United States
Name of publisher, distributor, etc. Radom House
Date of publication, distribution, etc. 2016
300 ## - PHYSICAL DESCRIPTION
Extent 470p
546 ## - LANGUAGE NOTE
Language note English
650 ## - SUBJECT ADDED ENTRY--TOPICAL TERM
Topical term or geographic name entry element History of Europe
942 ## - ADDED ENTRY ELEMENTS (KOHA)
Source of classification or shelving scheme Dewey Decimal Classification
Koha item type Book
Holdings
Withdrawn status Lost status Source of classification or shelving scheme Damaged status Not for loan Collection code Home library Current library Shelving location Date acquired Source of acquisition Cost, normal purchase price Inventory number Full call number Barcode Date last seen Price effective from Koha item type Public note
    Dewey Decimal Classification     Non-fiction RIC Library RIC Library General Stacks 03/14/2024 Amazon 1328.00 IN-3296/05.02.2024 947.086 ALES 002814 03/14/2024 03/14/2024 Book R-17.3

Venue

Rajasthan International Centre
Sansthan Path,JLN Marg, Jaipur- 302017
Phone: +91-7230904025